000 00398nam a22001577a 4500
003 OSt
008 250611b |||||||| |||| 00| 0 eng d
020 _a9789386956934
100 _aPARBHUPAADH,Krishankrpamurti
245 _aShrimadhbhagvtam Ekadash Skandh Part-1
250 _a11.1
260 _aMumbai
_bBhakativedant Book Trust
_c2021
300 _a749
650 _aGeneral
942 _2ddc
_cBK
999 _c13647
_d13647